Commerce 2: Teacher's resource book
Sách dành cho giáo viên. Cung cấp cho giáo viên đáp án của các hoạt động được trình bày trong sách học viên; cũng như gợi ý các phương pháp tổ chức hoạt động. Giới thiệu thêm các bài kiểm tra ngôn ngữ.
Đã lưu trong:
| Tác giả chính: | |
|---|---|
| Định dạng: | Sách |
| Năm xuất bản: |
Anh
Oxford University
2007
|
| Chủ đề: | |
| Tags: |
Thêm thẻ
Không có thẻ, Hãy là người đầu tiên gắn thẻ bản ghi này!
|
| LEADER | 01238nam a2200205 4500 | ||
|---|---|---|---|
| 999 | |c 4344 |d 4344 | ||
| 082 | |a 428.0071 |b H400B | ||
| 100 | |a Hobbs, Martyn | ||
| 245 | |a Commerce 2: Teacher's resource book |c Martyn Hobbs, Julia Starr Keddle | ||
| 260 | |a Anh |b Oxford University |c 2007 | ||
| 300 | |a 104 tr. |c 28 cm | ||
| 520 | |a Sách dành cho giáo viên. Cung cấp cho giáo viên đáp án của các hoạt động được trình bày trong sách học viên; cũng như gợi ý các phương pháp tổ chức hoạt động. Giới thiệu thêm các bài kiểm tra ngôn ngữ. | ||
| 653 | |a Ngôn ngữ | ||
| 653 | |a Tiếng Anh | ||
| 653 | |a Thương mại | ||
| 653 | |a Sách giáo viên | ||
| 942 | |2 ddc |c STK0 | ||
| 952 | |0 0 |1 0 |2 ddc |4 0 |6 428_007100000000000_H400B |7 0 |8 400 |9 109516 |a qbu |b qbu |c D4 |d 2017-02-10 |g 205000 |o 428.0071 H400B |p 2791.c1 |w 2017-02-10 |y STK0 |0 0 |6 428_007100000000000_H400B | ||
| 952 | |0 0 |1 0 |2 ddc |4 0 |6 428_007100000000000_H400B |7 0 |8 400 |9 109517 |a qbu |b qbu |c D4 |d 2017-02-10 |g 205000 |o 428.0071 H400B |p 2791.c2 |w 2017-02-10 |y STK0 |0 0 |6 428_007100000000000_H400B | ||
| 952 | |0 0 |1 0 |2 ddc |4 0 |6 428_007100000000000_H400B |7 0 |8 400 |9 109518 |a qbu |b qbu |c D4 |d 2017-02-10 |g 205000 |o 428.0071 H400B |p 2791.c3 |w 2017-02-10 |y STK0 |0 0 |6 428_007100000000000_H400B | ||